000 00949nam a22003017a 4500
003 CHAP
005 20220329143737.0
008 110524s1984 mx a r 00010 spa d
010 _a101284
011 _a102256
020 _a9687155124
035 _a112944
040 _cCHAP
082 _a631.4
_bL4
100 0 0 _aLeón Arteta, Régulo.
_966089
245 1 0 _aNueva edafología :
_bregiones tropicales y áreas templadas de México
260 _aMéxico, D. F. :
_bGaceta,
_c1984
300 _a340 p. :
_bilus. ; gráfs.
590 _aBATCH-UPD
_b10
_c20130110
_lUCH01
_h1835
590 _aBATCH-UPD
_b10
_c20130410
_lUCH01
_h1206
590 _aBATCH-UPD
_b10
_c20130914
_lUCH01
_h1722
590 _aCONVERSION
_b10
_c20130109
_lUCH01
_h1356
650 1 4 _aSuelos tropicales.
_9110563
650 1 4 _aSuelos
_xMéxico.
_9110441
901 _aBK
942 _cLIBRO
949 _a631.4 L4
_bBC
_cLIBRO
_d33724002248223
_eLIBRO
_gDonaciØn
_h114996
_i112944
_sb
999 _c101284
_d101284